000 00565nam a2200181Ia 4500
005 20250508151631.0
008 008 250505s9999 xx 000 0 eng d
037 _aBooks to be hide in OPAC
040 _aFEDL
_beng
_cFEDL
041 _aeng
_2eng
084 _qFEDL
245 0 _aWho's who 1955: An annual biographical dictionary with which is incorporated "men and women of the time"
260 _aLondon, UK
_bAdam and Charles Black
300 _a3285p.
546 _aOne hundered and seventh year of issue
942 _cHB
999 _c1331034
_d1331034